| 000 | 01467nam a2200349 i 4500 | ||
|---|---|---|---|
| 001 | 195768 | ||
| 003 | ES-MaACL | ||
| 005 | 20250818234635.0 | ||
| 008 | 240714s2007 sp ||||| |||| 00| 0 spa d | ||
| 017 | _aSA 668-2007 | ||
| 020 | _a9788481024654 | ||
| 040 |
_cES-MaACL _aES-MaACL |
||
| 080 | _a76(460)"19"(083.824) | ||
| 245 |
_aEl movimiento Estampa Popular en la Colección UC de Arte Gráfico / _cFederico Gutiérrez-Solana Salcedo, Clemente Barrena, Javier Gómez Martínez, Francisco Álvarez. |
||
| 260 |
_a[Santander] ; _bUniversidad de Cantabria, _c2007. |
||
| 300 |
_a66 pág. : _c24 cm. |
||
| 490 | 1 |
_aSerie Memoria Gráfica ; _v2 |
|
| 500 | _aExposición en el Paraninfo de la Universidad de Cantabria del 21 de septiembre al 10 de noviembre de 2007. | ||
| 650 | 7 |
_9162661 _aGrabado español- _yS.XX- _vExposiciones |
|
| 650 | 7 |
_aEstampa popular _9239633 |
|
| 700 |
_aGutiérrez-Solana Salcedo, Federico _eaut _9239635 |
||
| 700 | 1 |
_aBarrena, Clemente, _d1959-2011 _eaut _9144203 |
|
| 700 |
_9225434 _aGómez Martínez, Javier _eaut |
||
| 700 | 1 |
_9171346 _aÁlvarez, Francisco, _d1936-2024 _eill |
|
| 700 | 1 |
_aGarcía Gutiérrez, Nuria _eaut _9239636 |
|
| 830 | 0 |
_aSerie Memoria Gráfica ; _v2 _9239634 |
|
| 852 |
_aES-MaACL _cDEPOJ _jN-8781 _xEncuadernación rústica _9203892 |
||
| 942 |
_n0 _cMONOGRAFIA |
||
| 999 |
_c195768 _d195768 |
||